|
|
|
|
| LEADER |
00000nam2a2200000 4500 |
| 001 |
250924 |
| 005 |
20231101232616.0 |
| 010 |
|
|
|a 9780580800603
|
| 029 |
1 |
0 |
|a GB
|b 13480-3:2012
|c BS EN
|
| 035 |
|
|
|a (RuTPU)RU\TPU\book\273164
|
| 035 |
|
|
|a RU\TPU\book\273160
|
| 090 |
|
|
|a 250924
|
| 100 |
|
|
|a 20140218d2012 k f0engy50 ba
|
| 101 |
0 |
|
|a eng
|
| 102 |
|
|
|a GB
|
| 105 |
|
|
|a a l 001zy
|
| 122 |
2 |
|
|a d2007121020
|a d2007121020
|
| 200 |
0 |
|
|a Part 3: Design and calculation
|
| 210 |
|
|
|d 2012
|
| 215 |
|
|
|a 409 p.
|c il.
|
| 320 |
|
|
|a Bibliography: p. 408-409.
|
| 461 |
|
1 |
|0 (RuTPU)RU\TPU\book\273311
|t Metallic Industrial Piping
|v Part 3: Design and calculation
|e official edition
|d 2012
|s BSI Standards Publication
|
| 606 |
1 |
|
|a Трубопроводы
|x Проектирование
|2 stltpush
|3 (RuTPU)RU\TPU\subj\61761
|9 78924
|
| 610 |
1 |
|
|a трубопроводный транспорт
|
| 610 |
1 |
|
|a трубопроводное оборудование
|
| 610 |
1 |
|
|a трубопроводная арматура
|
| 610 |
1 |
|
|a расчеты
|
| 610 |
1 |
|
|a конструкции
|
| 675 |
|
|
|a 621.643.001
|v 3
|
| 801 |
|
1 |
|a RU
|b 63413507
|c 20140218
|
| 801 |
|
2 |
|a RU
|b 63413507
|c 20221213
|g RCR
|
| 942 |
|
|
|c BK
|